[Event "EU-ch U18 18th"]
[Site "Herceg Novi"]
[Date "2008.09.23"]
[Round "8"]
[White "Dobrev, Nayden"]
[Black "Boyarchenko, Alex"]
[Result "1-0"]
[WhiteElo "2081"]
[BlackElo "1941"]
[PlyCount "61"]
[EventDate "2008.09.15"]
[EventType "swiss"]
[EventRounds "9"]
[EventCountry "MNE"]
[SourceTitle "CBM 126 Extra"]
[Source "ChessBase"]
[SourceDate "2008.11.05"]
[SourceVersion "1"]
[SourceVersionDate "2008.11.05"]
[SourceQuality "1"]

1. e4 c6 2. c4 d5 3. exd5 cxd5 4. d4 Nf6 5. Nc3 e6 6. Nf3 Bb4 7. Bd3 dxc4 8. Bxc4 Bxc3+ 9. bxc3 Qc7 10. Qe2 0-0 11. 0-0 Nbd7 12. Bg5 b6 13. Rac1 Bb7 14. Bb3 Ng4 15. g3 Qc6 16. d5 Qc5 17. Nd4 Nge5 18. f4 exd5 19. fxe5 Rae8 20. Ba4 Rxe5 21. Qd2 Nb8 22. Bf4 Re7 23. Rce1 Rxe1 24. Rxe1 a6 25. Qe3 b5 26. Bxb8 bxa4 27. Bf4 h6 28. Nf5 Qc4 29. Qe5 f6 30. Qe7 Rf7 31. Qxf7+ 1-0

[Event "EU-ch U18 18th"]
[Site "Herceg Novi"]
[Date "2008.09.22"]
[Round "7"]
[White "Boyarchenko, Alex"]
[Black "Wallin, Aleksi"]
[Result "1-0"]
[WhiteElo "1941"]
[BlackElo "1887"]
[PlyCount "69"]
[EventDate "2008.09.15"]
[EventType "swiss"]
[EventRounds "9"]
[EventCountry "MNE"]
[SourceTitle "CBM 126 Extra"]
[Source "ChessBase"]
[SourceDate "2008.11.05"]
[SourceVersion "1"]
[SourceVersionDate "2008.11.05"]
[SourceQuality "1"]

1. e4 c5 2. Nf3 e6 3. c3 Nf6 4. e5 Nd5 5. d4 cxd4 6. cxd4 d6 7. Bc4 Nb6 8. Bd3 Nc6 9. 0-0 Nb4 10. Bb5+ Bd7 11. Bxd7+ Qxd7 12. Qe2 Be7 13. Nc3 0-0 14. Qe4 N4d5 15. Re1 Nxc3 16. bxc3 d5 17. Qg4 Rfc8 18. Bh6 Bf8 19. h4 Kh8 20. Bg5 Rxc3 21. Qh5 Nc4 22. Nh2 Rc8 23. Ng4 b5 24. Bf6 Na3 25. Rad1 b4 26. f4 Rg3 27. Kh2 Rcc3 28. Rc1 Nb5 29. Rxc3 Rxc3 30. Qg5 Nxd4 31. h5 Nf5 32. h6 Qb7 33. Bxg7+ Nxg7 34. hxg7+ Bxg7 35. Qd8+ 1-0

[Event "EU-ch U18 18th"]
[Site "Herceg Novi"]
[Date "2008.09.21"]
[Round "6"]
[White "Gluszko, Tomasz"]
[Black "Boyarchenko, Alex"]
[Result "1-0"]
[WhiteElo "2225"]
[BlackElo "1941"]
[PlyCount "59"]
[EventDate "2008.09.15"]
[EventType "swiss"]
[EventRounds "9"]
[EventCountry "MNE"]
[SourceTitle "CBM 126 Extra"]
[Source "ChessBase"]
[SourceDate "2008.11.05"]
[SourceVersion "1"]
[SourceVersionDate "2008.11.05"]
[SourceQuality "1"]

1. d4 d5 2. Nf3 c6 3. c4 Nf6 4. Nc3 e6 5. e3 Nbd7 6. Qc2 Bd6 7. g4 dxc4 8. Bxc4 0-0 9. Bd2 Nd5 10. Ne4 Bc7 11. 0-0-0 g6 12. h4 b5 13. Be2 Ba5 14. h5 Bxd2+ 15. Qxd2 Qe7 16. hxg6 hxg6 17. Rh6 N7f6 18. Nfg5 Nxe4 19. Nxe4 Kg7 20. Rdh1 Rg8 21. f4 c5 22. Rh7+ Kf8 23. Ng5 Qd6 24. Bxb5 Rg7 25. Rxg7 Kxg7 26. Rh7+ Kg8 27. Rh8+ Kg7 28. Qh2 Qe7 29. Qh6+ Kf6 30. Ne4# 1-0

[Event "EU-ch U18 18th"]
[Site "Herceg Novi"]
[Date "2008.09.18"]
[Round "4"]
[White "Boyarchenko, Alex"]
[Black "Hrabusa, Matej"]
[Result "1-0"]
[WhiteElo "1941"]
[BlackElo "2246"]
[PlyCount "65"]
[EventDate "2008.09.15"]
[EventType "swiss"]
[EventRounds "9"]
[EventCountry "MNE"]
[SourceTitle "CBM 126 Extra"]
[Source "ChessBase"]
[SourceDate "2008.11.05"]
[SourceVersion "1"]
[SourceVersionDate "2008.11.05"]
[SourceQuality "1"]

1. e4 c5 2. Nf3 e6 3. c3 Nf6 4. e5 Nd5 5. d4 cxd4 6. cxd4 d6 7. Bc4 Nb6 8. Bd3 Nc6 9. 0-0 Be7 10. Qe2 Nb4 11. Bb5+ Bd7 12. Bxd7+ Qxd7 13. Nc3 d5 14. Bg5 a6 15. Bxe7 Qxe7 16. Rac1 0-0 17. Nd2 Rfc8 18. a3 Nc6 19. Nb3 Nc4 20. f4 b5 21. Qf2 b4 22. Na4 bxa3 23. bxa3 Qxa3 24. Nac5 Ne7 25. Rc3 Qb4 26. Rh3 h6 27. f5 exf5 28. g4 f4 29. Qxf4 Rf8 30. Nd7 Ng6 31. Nf6+ gxf6 32. Qxh6 Rfb8 33. exf6 1-0

[Event "Kaupthing op"]
[Site "Differdange"]
[Date "2008.05.10"]
[Round "3"]
[White "Boyarchenko, Alex"]
[Black "Macak, Stefan"]
[Result "0-1"]
[WhiteElo "1964"]
[BlackElo "2342"]
[PlyCount "78"]
[EventDate "2008.05.10"]
[EventType "swiss"]
[EventRounds "9"]
[EventCountry "LUX"]
[SourceTitle "CBM 124 Extra"]
[Source "ChessBase"]
[SourceDate "2008.07.03"]
[SourceVersion "1"]
[SourceVersionDate "2008.07.03"]
[SourceQuality "1"]

1. e4 d6 2. d4 g6 3. Nf3 Bg7 4. c3 Nd7 5. Bd3 e6 6. Be3 Ne7 7. Qd2 h6 8. a4 d5 9. e5 c5 10. Na3 c4 11. Bc2 a6 12. 0-0 Nf5 13. a5 Nb8 14. b3 cxb3 15. Bxb3 Nc6 16. Ba4 Qxa5 17. Nc4 Qc7 18. Bxc6+ Qxc6 19. Na5 Qc7 20. Rfb1 b6 21. Nb3 Nxe3 22. Qxe3 Bd7 23. Nbd2 0-0 24. Qd3 Bb5 25. Qc2 Rac8 26. Rc1 Qb7 27. Qb3 Rc7 28. Rc2 Rfc8 29. Rac1 Bf8 30. h3 Bd3 31. Rb2 b5 32. Ne1 Bc4 33. Nxc4 Rxc4 34. Rcc2 Qc6 35. Nf3 Rxc3 36. Rxc3 Qxc3 37. Qa2 Qc1+ 38. Kh2 Qf4+ 39. Kh1 Rc1+ 0-1

[Event "FRA-chT2 East 0708"]
[Site "France"]
[Date "2008.01.20"]
[Round "6.7"]
[White "Boyarchenko, Alex"]
[Black "Barnier, Christophe"]
[Result "1-0"]
[WhiteElo "1943"]
[BlackElo "1906"]
[PlyCount "113"]
[EventDate "2007.10.21"]
[EventType "team-tourn"]
[EventRounds "11"]
[EventCountry "FRA"]
[SourceTitle "EXT 2009"]
[Source "ChessBase"]
[SourceDate "2008.11.26"]
[SourceVersion "1"]
[SourceVersionDate "2008.11.26"]
[SourceQuality "1"]
[WhiteTeam "Vandoeuvre II"]
[BlackTeam "Reims"]
[WhiteTeamCountry "FRA"]
[BlackTeamCountry "FRA"]

1. e4 c5 2. Nf3 d6 3. c3 Nf6 4. Bd3 e5 5. h3 a6 6. a4 Be7 7. Bc2 Nc6 8. d3 h6 9. Nbd2 Be6 10. Nf1 d5 11. Qe2 d4 12. Ng3 Qd7 13. Bd2 Bd6 14. Nh4 g6 15. Rb1 a5 16. Nf3 Qc7 17. Nh2 Qd7 18. Bd1 0-0-0 19. 0-0 Rdg8 20. Qe1 Qe7 21. cxd4 cxd4 22. Bxa5 Bb4 23. Bxb4 Qxb4 24. Qe2 Kb8 25. f4 Nd7 26. Qf2 Ka8 27. Bg4 Bxg4 28. Nxg4 h5 29. Nxe5 Ndxe5 30. fxe5 Nxe5 31. Rbd1 h4 32. Ne2 Rd8 33. Nf4 Qb3 34. Nd5 Rxd5 35. exd5 Qxd5 36. Qf6 Rh5 37. Rf4 Qb3 38. Qd8+ Ka7 39. Qxd4+ Ka8 40. Qd8+ Ka7 41. Qd4+ Kb8 42. Rd2 Nc6 43. Qf2 Ne5 44. Rxh4 Rxh4 45. Qxh4 Ka7 46. Qd4+ Qb6 47. Qxb6+ Kxb6 48. d4 Nc4 49. Rf2 f5 50. Re2 g5 51. Re6+ Kc7 52. b3 Nd2 53. b4 Ne4 54. g4 Ng3 55. Kg2 f4 56. Kf3 Nf1 57. Re5 1-0

[Event "Wch U18"]
[Site "Kemer"]
[Date "2007.11.22"]
[Round "6"]
[White "Boyarchenko, Alex"]
[Black "Hesham, Abdelrahman"]
[Result "1/2-1/2"]
[WhiteElo "1936"]
[BlackElo "1982"]
[PlyCount "48"]
[EventDate "2007.11.18"]
[EventType "swiss"]
[EventRounds "11"]
[EventCountry "TUR"]
[SourceTitle "CBM 121 Extra"]
[Source "ChessBase"]
[SourceDate "2008.01.10"]
[SourceVersion "1"]
[SourceVersionDate "2008.01.10"]
[SourceQuality "1"]

1. e4 c5 2. Nf3 Nc6 3. c3 d5 4. exd5 Qxd5 5. d4 Bg4 6. Nbd2 e6 7. Bc4 Qd7 8. dxc5 Bxc5 9. Ne4 Qxd1+ 10. Kxd1 0-0-0+ 11. Kc2 Bf5 12. Bd3 Bb6 13. Bf4 Rxd3 14. Kxd3 Nf6 15. Ke2 Nxe4 16. Be3 Bxe3 17. Kxe3 a6 18. Rad1 Nf6 19. Nd4 Nxd4 20. Rxd4 e5 21. Rc4+ Kb8 22. Rd1 Rc8 23. Rxc8+ Kxc8 24. f3 Kc7 1/2-1/2

[Event "Wch U18"]
[Site "Kemer"]
[Date "2007.11.18"]
[Round "1"]
[White "Boyarchenko, Alex"]
[Black "Farkas, Gabor"]
[Result "0-1"]
[WhiteElo "1936"]
[BlackElo "2333"]
[PlyCount "86"]
[EventDate "2007.11.18"]
[EventType "swiss"]
[EventRounds "11"]
[EventCountry "TUR"]
[SourceTitle "CBM 121 Extra"]
[Source "ChessBase"]
[SourceDate "2008.01.10"]
[SourceVersion "1"]
[SourceVersionDate "2008.01.10"]
[SourceQuality "1"]

1. e4 c5 2. c3 d5 3. exd5 Qxd5 4. d4 Nf6 5. Nf3 Nc6 6. Be3 cxd4 7. Nxd4 Nxd4 8. Qxd4 Bd7 9. c4 Qa5+ 10. Qd2 Qc7 11. Nc3 e5 12. Be2 Bc6 13. 0-0 Rd8 14. Qc2 Be7 15. a3 b6 16. b4 Qb7 17. f3 0-0 18. b5 Bd7 19. a4 Qc7 20. Kh1 Be6 21. Qb3 Rc8 22. Nd5 Bxd5 23. cxd5 Qc3 24. Qxc3 Rxc3 25. Bg1 Nxd5 26. Rfd1 Nf6 27. a5 Bc5 28. axb6 axb6 29. Bxc5 Rxc5 30. Kg1 Nd5 31. Bd3 g6 32. Kf2 Nc3 33. Rdc1 Rfc8 34. Ke1 Rd8 35. Bf1 Rb8 36. Ra7 Kg7 37. Kd2 Rd8+ 38. Ke1 Rd6 39. Rb7 h5 40. Kf2 Ne4+ 41. fxe4 Rxc1 42. Be2 Rc2 43. Ke3 Rc3+ 0-1

[Event "Kaupthing op-A 1st"]
[Site "Differdange"]
[Date "2007.07.07"]
[Round "1"]
[White "Goreacinic, Dmitri"]
[Black "Boyarchenko, Alex"]
[Result "1-0"]
[WhiteElo "2301"]
[BlackElo "1952"]
[PlyCount "47"]
[EventDate "2007.07.07"]
[EventType "swiss"]
[EventRounds "9"]
[EventCountry "LUX"]
[SourceTitle "CBM 119 Extra"]
[Source "ChessBase"]
[SourceDate "2007.09.04"]
[SourceVersion "1"]
[SourceVersionDate "2007.09.04"]
[SourceQuality "1"]

1. d4 d5 2. c4 c6 3. Nc3 Nf6 4. Nf3 e6 5. Qb3 dxc4 6. Qxc4 Nbd7 7. e4 Be7 8. Be2 0-0 9. 0-0 c5 10. dxc5 Nxc5 11. Rd1 Qc7 12. b4 Na6 13. a3 b6 14. Bg5 Re8 15. Qxc7 Nxc7 16. Bf4 Na6 17. Bb5 Bb7 18. Bxe8 Rxe8 19. Nd2 h6 20. f3 Nb8 21. Nb5 Nc6 22. Nd6 Bxd6 23. Bxd6 a5 24. Nc4 1-0

[Event "Stuttgart-chA int"]
[Site "Ditzingen"]
[Date "2006.05.28"]
[Round "7"]
[White "Boyarchenko, Alex"]
[Black "Al Saleh, Mohammad"]
[Result "1-0"]
[WhiteElo "1795"]
[BlackElo "2006"]
[PlyCount "29"]
[EventDate "2006.05.25"]
[EventType "swiss"]
[EventRounds "7"]
[EventCountry "GER"]
[SourceTitle "EXT 2018"]
[Source "ChessBase"]
[SourceDate "2017.10.13"]
[SourceVersion "1"]
[SourceVersionDate "2017.10.13"]
[SourceQuality "1"]

1. e4 c5 2. Nf3 Nc6 3. d4 cxd4 4. Nxd4 g6 5. Nc3 Bg7 6. Be3 Nf6 7. Bc4 0-0 8. Qd2 Qa5 9. f3 Qb4 10. Bb3 Nxe4 11. Nxc6 Qxc3 12. bxc3 Bxc3 13. Nxe7+ Kg7 14. fxe4 Bxd2+ 15. Kxd2 1-0

[Event "Stuttgart-chA int"]
[Site "Ditzingen"]
[Date "2006.05.27"]
[Round "5"]
[White "Boyarchenko, Alex"]
[Black "Hottes, Dieter"]
[Result "1/2-1/2"]
[WhiteElo "1795"]
[BlackElo "2166"]
[PlyCount "84"]
[EventDate "2006.05.25"]
[EventType "swiss"]
[EventRounds "7"]
[EventCountry "GER"]
[SourceTitle "EXT 2018"]
[Source "ChessBase"]
[SourceDate "2017.10.13"]
[SourceVersion "1"]
[SourceVersionDate "2017.10.13"]
[SourceQuality "1"]

1. e4 b6 2. d4 Bb7 3. Nc3 e6 4. Nf3 Nf6 5. Bd3 Bb4 6. Qe2 d5 7. e5 Ne4 8. Bd2 Nxd2 9. Qxd2 c5 10. Qf4 cxd4 11. Qxd4 Nc6 12. Qg4 Kf8 13. 0-0 Bxc3 14. bxc3 Qc7 15. Rae1 Ne7 16. Re3 h6 17. Nd4 Bc6 18. Rf3 Bd7 19. Nxe6+ Bxe6 20. Qxe6 Nc6 21. Qxd5 Rd8 22. Qc4 Rc8 23. e6 Ne5 24. e7+ Kxe7 25. Qb4+ Qd6 26. Re3 Qxb4 27. cxb4 Kf6 28. Rd1 Rhd8 29. Kf1 Rd4 30. Rb1 Rc3 31. Rb3 Rxb3 32. axb3 Rxb4 33. Ke2 Rd4 34. Be4 Ng4 35. Rf3+ Ke7 36. Bb7 Rd6 37. h3 Re6+ 38. Kd2 Rd6+ 39. Ke2 Re6+ 40. Kd2 Rd6+ 41. Kc3 Rd7 42. Ba8 Rc7+ 1/2-1/2

[Event "Stuttgart-chA int"]
[Site "Ditzingen"]
[Date "2006.05.25"]
[Round "1"]
[White "Boyarchenko, Alex"]
[Black "Schuster, Gerhard"]
[Result "1-0"]
[WhiteElo "1795"]
[BlackElo "2100"]
[PlyCount "125"]
[EventDate "2006.05.25"]
[EventType "swiss"]
[EventRounds "7"]
[EventCountry "GER"]
[SourceTitle "EXT 2018"]
[Source "ChessBase"]
[SourceDate "2017.10.13"]
[SourceVersion "1"]
[SourceVersionDate "2017.10.13"]
[SourceQuality "1"]

1. e4 c6 2. d4 d5 3. Nc3 dxe4 4. Nxe4 Nd7 5. Nf3 Ngf6 6. Ng3 Qc7 7. Bd3 e6 8. c4 b6 9. Qe2 Bb4+ 10. Bd2 Bxd2+ 11. Qxd2 c5 12. 0-0-0 Bb7 13. d5 0-0-0 14. dxe6 fxe6 15. Qe3 Ng4 16. Qe2 Qf4+ 17. Kb1 Bxf3 18. gxf3 Nge5 19. Bc2 Rhf8 20. Be4 Nf6 21. Bc2 Rd4 22. Rhe1 Nfd7 23. Be4 Nxf3 24. Bxf3 Qxf3 25. Rxd4 cxd4 26. Qxe6 Kc7 27. Ne4 Qf5 28. Qd6+ Kc8 29. Ka1 Re8 30. Qxd4 Kd8 31. Re3 Qe5 32. Qd2 Qxh2 33. a3 Qh1+ 34. Re1 Qh6 35. Qd5 Kc7 36. Re3 Qc6 37. Qf5 g6 38. Qf4+ Kd8 39. Nd6 Rxe3 40. fxe3 Ke7 41. Nb5 Qf6 42. Qe4+ Qe5 43. Qh4+ Nf6 44. Nc3 Kf7 45. Qf2 Qf5 46. Qh4 Qg4 47. Qh1 h5 48. Qb7+ Qd7 49. Qf3 Kg7 50. Nb5 h4 51. Nd4 h3 52. Qg3 Qg4 53. Qh2 Ne4 54. Qe5+ Kh7 55. Ne6 Qd1+ 56. Ka2 Nc3+ 57. Qxc3 Qd7 58. Qe5 h2 59. Qxh2+ Kg8 60. Qe5 Qf7 61. Qd5 a6 62. Qd8+ Kh7 63. Ng5+ 1-0